00247nam a2200085Ia 450000500170000000800410001724500760005826000100013499900170014420250523155752.0250523s9999 xx 000 0 und d 0aIşın Çağı Çocukları Gökkuş Diz cGülten Dayıoğlu bALTIN c12132d12132